000 00508nam a2200193Ia 4500
005 20250923144450.0
008 008 250917s9999 xx 000 0 eng d
037 _aTextual
040 _aDSWL
_beng
_cDSWL
041 _aeng
_2eng
084 _qDSWL
100 _aBarness
_9825184
245 0 _aNew horizons in criminology
_cby Barness
260 _aNew York
_b Prentice Hall
_c1951
300 _axvii,887p.
700 _a Teeters
_9825185
942 _cTEXL
999 _c1439225
_d1439225